Biggest Cities in Marlborough - Statistics

General Stats
  • This quiz has been taken 13 times
  • The average score is 5 of 9
Answer Stats
Population Settlement % Correct
26,400 Blenheim
100%
4,310 Picton
100%
530 Seddon
82%
560 Havelock
64%
2,530 Renwick
55%
620 Rarangi
18%
550 Spring Creek
18%
310 Grovetown
9%
510 Woodbourne
9%
No matching quizzes found
Score Distribution
Percent of People with Each Score
Percentile by Number Answered
Your Score History
You have not taken this quiz